000 00523nam a2200193Ia 4500
003 GCL
008 140319s9999 xx 000 0 ara d
040 _aGCL /
_cGCL
082 0 4 _a923.1
_bس م
100 1 _aوديع الضبع
245 1 0 _aالملكة فكتوريا /
_cوديع الضبع
700 1 _aستريثشى، لتن
300 _a428 ص
490 _aاعلام التاريخ
_v0
650 0 4 _aالملوك والحكام
650 0 4 _aالملكات
650 0 4 _aفكتوريا
942 _2ddc
_cBK
999 _c45692
_d45692